<?xml version="1.0" encoding="UTF-8"?>
<collection xmlns="http://www.loc.gov/MARC21/slim">
 <record>
  <leader>07384cam a2201477 c 4500</leader>
  <controlfield tag="001">020118848</controlfield>
  <controlfield tag="003">DE-627</controlfield>
  <controlfield tag="005">20250410182048.0</controlfield>
  <controlfield tag="007">tu</controlfield>
  <controlfield tag="008">920101s1975    xxu|||||      00| ||eng c</controlfield>
  <datafield tag="020" ind1=" " ind2=" ">
   <subfield code="a">0691052204</subfield>
   <subfield code="9">0-691-05220-4</subfield>
  </datafield>
  <datafield tag="020" ind1=" " ind2=" ">
   <subfield code="a">069110025X</subfield>
   <subfield code="9">0-691-10025-X</subfield>
  </datafield>
  <datafield tag="035" ind1=" " ind2=" ">
   <subfield code="a">(DE-627)020118848</subfield>
  </datafield>
  <datafield tag="035" ind1=" " ind2=" ">
   <subfield code="a">(DE-603)031803997</subfield>
  </datafield>
  <datafield tag="035" ind1=" " ind2=" ">
   <subfield code="a">(DE-576)006946488</subfield>
  </datafield>
  <datafield tag="035" ind1=" " ind2=" ">
   <subfield code="a">(DE-599)GBV020118848</subfield>
  </datafield>
  <datafield tag="035" ind1=" " ind2=" ">
   <subfield code="a">(OCoLC)1055251</subfield>
  </datafield>
  <datafield tag="035" ind1=" " ind2=" ">
   <subfield code="a">(OCoLC)80529796</subfield>
  </datafield>
  <datafield tag="035" ind1=" " ind2=" ">
   <subfield code="a">(OCoLC)243430726</subfield>
  </datafield>
  <datafield tag="035" ind1=" " ind2=" ">
   <subfield code="a">(OCoLC)01055251</subfield>
  </datafield>
  <datafield tag="035" ind1=" " ind2=" ">
   <subfield code="a">(DE-604)8031918174</subfield>
  </datafield>
  <datafield tag="035" ind1=" " ind2=" ">
   <subfield code="a">(DE-615)00196059</subfield>
  </datafield>
  <datafield tag="040" ind1=" " ind2=" ">
   <subfield code="a">DE-627</subfield>
   <subfield code="b">ger</subfield>
   <subfield code="c">DE-627</subfield>
   <subfield code="e">rakwb</subfield>
  </datafield>
  <datafield tag="041" ind1=" " ind2=" ">
   <subfield code="a">eng</subfield>
  </datafield>
  <datafield tag="044" ind1=" " ind2=" ">
   <subfield code="c">XD-US</subfield>
  </datafield>
  <datafield tag="082" ind1="0" ind2=" ">
   <subfield code="a">320.9405122</subfield>
  </datafield>
  <datafield tag="082" ind1="0" ind2=" ">
   <subfield code="a">320.9/4/051</subfield>
   <subfield code="q">OCLC</subfield>
  </datafield>
  <datafield tag="082" ind1="0" ind2=" ">
   <subfield code="a">303.409</subfield>
  </datafield>
  <datafield tag="082" ind1="0" ind2=" ">
   <subfield code="a">0903</subfield>
  </datafield>
  <datafield tag="082" ind1="0" ind2=" ">
   <subfield code="a">0904</subfield>
  </datafield>
  <datafield tag="082" ind1="0" ind2=" ">
   <subfield code="a">944</subfield>
  </datafield>
  <datafield tag="082" ind1="0" ind2=" ">
   <subfield code="a">320.94051</subfield>
   <subfield code="2">DDCoclc</subfield>
  </datafield>
  <datafield tag="084" ind1=" " ind2=" ">
   <subfield code="a">RA04.06</subfield>
   <subfield code="2">fivr</subfield>
  </datafield>
  <datafield tag="084" ind1=" " ind2=" ">
   <subfield code="a">RA05.01</subfield>
   <subfield code="2">fivr</subfield>
  </datafield>
  <datafield tag="084" ind1=" " ind2=" ">
   <subfield code="a">RA06.03</subfield>
   <subfield code="2">fivr</subfield>
  </datafield>
  <datafield tag="084" ind1=" " ind2=" ">
   <subfield code="a">SA02</subfield>
   <subfield code="2">fivs</subfield>
  </datafield>
  <datafield tag="084" ind1=" " ind2=" ">
   <subfield code="a">MS 1480</subfield>
   <subfield code="2">rvk</subfield>
   <subfield code="0">(DE-625)rvk/123598:</subfield>
  </datafield>
  <datafield tag="084" ind1=" " ind2=" ">
   <subfield code="a">NQ 1020</subfield>
   <subfield code="2">rvk</subfield>
   <subfield code="0">(DE-625)rvk/128039:</subfield>
  </datafield>
  <datafield tag="100" ind1="1" ind2=" ">
   <subfield code="a">Maier, Charles S.</subfield>
   <subfield code="d">1939-</subfield>
   <subfield code="0">(DE-588)120933586</subfield>
   <subfield code="0">(DE-627)080978185</subfield>
   <subfield code="0">(DE-576)162101872</subfield>
   <subfield code="4">aut</subfield>
  </datafield>
  <datafield tag="245" ind1="1" ind2="0">
   <subfield code="a">Recasting bourgeois Europe</subfield>
   <subfield code="b">stabilization in France, Germany, and Italy in the decade after World War I</subfield>
   <subfield code="c">Charles S. Maier</subfield>
  </datafield>
  <datafield tag="264" ind1=" " ind2="1">
   <subfield code="a">Princeton, NJ</subfield>
   <subfield code="b">Princeton Univ. Press</subfield>
   <subfield code="c">c 1975</subfield>
  </datafield>
  <datafield tag="300" ind1=" " ind2=" ">
   <subfield code="a">XIV, 650 S.</subfield>
   <subfield code="c">24 cm</subfield>
  </datafield>
  <datafield tag="336" ind1=" " ind2=" ">
   <subfield code="a">Text</subfield>
   <subfield code="b">txt</subfield>
   <subfield code="2">rdacontent</subfield>
  </datafield>
  <datafield tag="337" ind1=" " ind2=" ">
   <subfield code="a">ohne Hilfsmittel zu benutzen</subfield>
   <subfield code="b">n</subfield>
   <subfield code="2">rdamedia</subfield>
  </datafield>
  <datafield tag="338" ind1=" " ind2=" ">
   <subfield code="a">Band</subfield>
   <subfield code="b">nc</subfield>
   <subfield code="2">rdacarrier</subfield>
  </datafield>
  <datafield tag="500" ind1=" " ind2=" ">
   <subfield code="a">Literaturverz. S. 599 - 607</subfield>
  </datafield>
  <datafield tag="505" ind1="8" ind2=" ">
   <subfield code="a">Literaturverz. S. 595 - 607</subfield>
  </datafield>
  <datafield tag="583" ind1="1" ind2=" ">
   <subfield code="a">Archivierung/Langzeitarchivierung gewährleistet</subfield>
   <subfield code="f">SLG</subfield>
   <subfield code="x">XA-DE-BW</subfield>
   <subfield code="z">BfZ</subfield>
   <subfield code="2">pdager</subfield>
   <subfield code="5">DE-24</subfield>
  </datafield>
  <datafield tag="583" ind1="1" ind2=" ">
   <subfield code="a">Archivierung prüfen</subfield>
   <subfield code="c">20240324</subfield>
   <subfield code="f">DE-4165</subfield>
   <subfield code="z">3</subfield>
   <subfield code="2">pdager</subfield>
  </datafield>
  <datafield tag="648" ind1=" " ind2="7">
   <subfield code="a">Sozialgeschichte 1918-1927</subfield>
   <subfield code="2">gnd</subfield>
  </datafield>
  <datafield tag="648" ind1=" " ind2="7">
   <subfield code="a">Geschichte 1900-1930</subfield>
   <subfield code="2">gnd</subfield>
  </datafield>
  <datafield tag="650" ind1="0" ind2="7">
   <subfield code="0">(DE-588)4020588-5</subfield>
   <subfield code="0">(DE-627)106317520</subfield>
   <subfield code="0">(DE-576)208933956</subfield>
   <subfield code="a">Gesellschaft</subfield>
   <subfield code="2">gnd</subfield>
  </datafield>
  <datafield tag="650" ind1="0" ind2="7">
   <subfield code="0">(DE-588)4113450-3</subfield>
   <subfield code="0">(DE-627)105829390</subfield>
   <subfield code="0">(DE-576)209476583</subfield>
   <subfield code="a">Entwicklung</subfield>
   <subfield code="2">gnd</subfield>
  </datafield>
  <datafield tag="650" ind1="0" ind2="7">
   <subfield code="0">(DE-588)4056693-6</subfield>
   <subfield code="0">(DE-627)10415215X</subfield>
   <subfield code="0">(DE-576)209118571</subfield>
   <subfield code="a">Stabilität</subfield>
   <subfield code="2">gnd</subfield>
  </datafield>
  <datafield tag="650" ind1="0" ind2="7">
   <subfield code="0">(DE-588)4421423-6</subfield>
   <subfield code="0">(DE-627)21477743X</subfield>
   <subfield code="0">(DE-576)212267256</subfield>
   <subfield code="a">Nachkriegszeit</subfield>
   <subfield code="2">gnd</subfield>
  </datafield>
  <datafield tag="650" ind1="0" ind2="7">
   <subfield code="0">(DE-588)4112646-4</subfield>
   <subfield code="0">(DE-627)105835684</subfield>
   <subfield code="0">(DE-576)209469684</subfield>
   <subfield code="a">Auswirkung</subfield>
   <subfield code="2">gnd</subfield>
  </datafield>
  <datafield tag="651" ind1=" " ind2="7">
   <subfield code="0">(DE-588)4011889-7</subfield>
   <subfield code="0">(DE-627)104732423</subfield>
   <subfield code="0">(DE-576)208896201</subfield>
   <subfield code="a">Deutschland</subfield>
   <subfield code="g">Bundesrepublik</subfield>
   <subfield code="2">gnd</subfield>
  </datafield>
  <datafield tag="651" ind1=" " ind2="7">
   <subfield code="0">(DE-588)4018145-5</subfield>
   <subfield code="0">(DE-627)106327232</subfield>
   <subfield code="0">(DE-576)208922857</subfield>
   <subfield code="a">Frankreich</subfield>
   <subfield code="2">gnd</subfield>
  </datafield>
  <datafield tag="651" ind1=" " ind2="7">
   <subfield code="0">(DE-588)4027833-5</subfield>
   <subfield code="0">(DE-627)106283235</subfield>
   <subfield code="0">(DE-576)208972501</subfield>
   <subfield code="a">Italien</subfield>
   <subfield code="2">gnd</subfield>
  </datafield>
  <datafield tag="651" ind1=" " ind2="7">
   <subfield code="0">(DE-588)4011882-4</subfield>
   <subfield code="0">(DE-627)104704861</subfield>
   <subfield code="0">(DE-576)208896155</subfield>
   <subfield code="a">Deutschland</subfield>
   <subfield code="2">gnd</subfield>
  </datafield>
  <datafield tag="651" ind1=" " ind2="7">
   <subfield code="0">(DE-588)4079215-8</subfield>
   <subfield code="0">(DE-627)106075209</subfield>
   <subfield code="0">(DE-576)209211490</subfield>
   <subfield code="a">Westeuropa</subfield>
   <subfield code="2">gnd</subfield>
  </datafield>
  <datafield tag="689" ind1="0" ind2="0">
   <subfield code="d">g</subfield>
   <subfield code="0">(DE-588)4011882-4</subfield>
   <subfield code="0">(DE-627)104704861</subfield>
   <subfield code="0">(DE-576)208896155</subfield>
   <subfield code="a">Deutschland</subfield>
   <subfield code="2">gnd</subfield>
  </datafield>
  <datafield tag="689" ind1="0" ind2="1">
   <subfield code="d">g</subfield>
   <subfield code="0">(DE-588)4018145-5</subfield>
   <subfield code="0">(DE-627)106327232</subfield>
   <subfield code="0">(DE-576)208922857</subfield>
   <subfield code="a">Frankreich</subfield>
   <subfield code="2">gnd</subfield>
  </datafield>
  <datafield tag="689" ind1="0" ind2="2">
   <subfield code="d">g</subfield>
   <subfield code="0">(DE-588)4027833-5</subfield>
   <subfield code="0">(DE-627)106283235</subfield>
   <subfield code="0">(DE-576)208972501</subfield>
   <subfield code="a">Italien</subfield>
   <subfield code="2">gnd</subfield>
  </datafield>
  <datafield tag="689" ind1="0" ind2="3">
   <subfield code="a">z</subfield>
   <subfield code="2">gnd</subfield>
   <subfield code="a">Sozialgeschichte 1918-1927</subfield>
  </datafield>
  <datafield tag="689" ind1="0" ind2=" ">
   <subfield code="5">DE-101</subfield>
  </datafield>
  <datafield tag="689" ind1="1" ind2="0">
   <subfield code="d">g</subfield>
   <subfield code="0">(DE-588)4011882-4</subfield>
   <subfield code="0">(DE-627)104704861</subfield>
   <subfield code="0">(DE-576)208896155</subfield>
   <subfield code="a">Deutschland</subfield>
   <subfield code="2">gnd</subfield>
  </datafield>
  <datafield tag="689" ind1="1" ind2="1">
   <subfield code="a">z</subfield>
   <subfield code="2">gnd</subfield>
   <subfield code="a">Sozialgeschichte 1918-1927</subfield>
  </datafield>
  <datafield tag="689" ind1="1" ind2=" ">
   <subfield code="5">(DE-627)</subfield>
  </datafield>
  <datafield tag="689" ind1="2" ind2="0">
   <subfield code="d">g</subfield>
   <subfield code="0">(DE-588)4027833-5</subfield>
   <subfield code="0">(DE-627)106283235</subfield>
   <subfield code="0">(DE-576)208972501</subfield>
   <subfield code="a">Italien</subfield>
   <subfield code="2">gnd</subfield>
  </datafield>
  <datafield tag="689" ind1="2" ind2="1">
   <subfield code="a">z</subfield>
   <subfield code="2">gnd</subfield>
   <subfield code="a">Sozialgeschichte 1918-1927</subfield>
  </datafield>
  <datafield tag="689" ind1="2" ind2=" ">
   <subfield code="5">(DE-627)</subfield>
  </datafield>
  <datafield tag="689" ind1="3" ind2="0">
   <subfield code="d">g</subfield>
   <subfield code="0">(DE-588)4018145-5</subfield>
   <subfield code="0">(DE-627)106327232</subfield>
   <subfield code="0">(DE-576)208922857</subfield>
   <subfield code="a">Frankreich</subfield>
   <subfield code="2">gnd</subfield>
  </datafield>
  <datafield tag="689" ind1="3" ind2="1">
   <subfield code="a">z</subfield>
   <subfield code="2">gnd</subfield>
   <subfield code="a">Sozialgeschichte 1918-1927</subfield>
  </datafield>
  <datafield tag="689" ind1="3" ind2=" ">
   <subfield code="5">(DE-627)</subfield>
  </datafield>
  <datafield tag="689" ind1="4" ind2="0">
   <subfield code="d">g</subfield>
   <subfield code="0">(DE-588)4079215-8</subfield>
   <subfield code="0">(DE-627)106075209</subfield>
   <subfield code="0">(DE-576)209211490</subfield>
   <subfield code="a">Westeuropa</subfield>
   <subfield code="2">gnd</subfield>
  </datafield>
  <datafield tag="689" ind1="4" ind2="1">
   <subfield code="a">z</subfield>
   <subfield code="2">gnd</subfield>
   <subfield code="a">Geschichte 1900-1930</subfield>
  </datafield>
  <datafield tag="689" ind1="4" ind2=" ">
   <subfield code="5">(DE-627)</subfield>
  </datafield>
  <datafield tag="787" ind1="0" ind2="8">
   <subfield code="i">Rezension</subfield>
   <subfield code="a">Vidalenc, Jean</subfield>
   <subfield code="t">[Rezension von: Maier, Charles Steven, Recasting bourgeois Europe, stabilization in France, Germany, and Italy in the decade after World War I]</subfield>
   <subfield code="d">1977</subfield>
   <subfield code="w">(DE-627)641129327</subfield>
  </datafield>
  <datafield tag="787" ind1="0" ind2="8">
   <subfield code="i">Rezensiert in</subfield>
   <subfield code="a">Vidalenc, Jean, 1912 - 1986</subfield>
   <subfield code="t">[Rezension von: Charles S. Maier, Recasting bourgeois Europe-stabilization in France, Germany and Italy in the decade after World War I]</subfield>
   <subfield code="d">München : Artemis Verlag, 1977</subfield>
   <subfield code="w">(DE-627)1577922549</subfield>
   <subfield code="w">(DE-576)507922549</subfield>
  </datafield>
  <datafield tag="856" ind1="4" ind2="2">
   <subfield code="u">http://scans.hebis.de/HEBCGI/show.pl?03180399_toc.pdf</subfield>
   <subfield code="m">V:DE-605;X:Imageware</subfield>
   <subfield code="q">application/pdf</subfield>
   <subfield code="3">Inhaltsverzeichnis</subfield>
  </datafield>
  <datafield tag="935" ind1=" " ind2=" ">
   <subfield code="i">Blocktest</subfield>
  </datafield>
  <datafield tag="935" ind1=" " ind2=" ">
   <subfield code="h">HEB</subfield>
   <subfield code="i">0501</subfield>
  </datafield>
  <datafield tag="935" ind1=" " ind2=" ">
   <subfield code="h">HEB</subfield>
   <subfield code="i">0503</subfield>
  </datafield>
  <datafield tag="936" ind1="r" ind2="v">
   <subfield code="a">MS 1480</subfield>
   <subfield code="b">Elitentheorie und Elitenforschung</subfield>
   <subfield code="k">Soziologie</subfield>
   <subfield code="k">Spezielle Soziologien</subfield>
   <subfield code="k">Soziale Ungleichheit; Schichten,Klassen und Milieu</subfield>
   <subfield code="k">Elitentheorie und Elitenforschung</subfield>
   <subfield code="0">(DE-627)1271440849</subfield>
   <subfield code="0">(DE-625)rvk/123598:</subfield>
   <subfield code="0">(DE-576)201440849</subfield>
  </datafield>
  <datafield tag="936" ind1="r" ind2="v">
   <subfield code="a">NQ 1020</subfield>
   <subfield code="b">Darstellungen</subfield>
   <subfield code="k">Geschichte</subfield>
   <subfield code="k">Geschichte seit 1918</subfield>
   <subfield code="k">Allgemeines</subfield>
   <subfield code="k">Darstellungen</subfield>
   <subfield code="0">(DE-627)1271470373</subfield>
   <subfield code="0">(DE-625)rvk/128039:</subfield>
   <subfield code="0">(DE-576)201470373</subfield>
  </datafield>
  <datafield tag="936" ind1="f" ind2="i">
   <subfield code="0">(DE-627)1756131651</subfield>
   <subfield code="a">RA04.06</subfield>
   <subfield code="b">Frankreich</subfield>
   <subfield code="k">Europa</subfield>
   <subfield code="k">Westeuropa</subfield>
   <subfield code="k">Frankreich</subfield>
   <subfield code="2">fivr</subfield>
  </datafield>
  <datafield tag="936" ind1="f" ind2="i">
   <subfield code="0">(DE-627)1756131678</subfield>
   <subfield code="a">RA05.01</subfield>
   <subfield code="b">Deutschland</subfield>
   <subfield code="k">Europa</subfield>
   <subfield code="k">Mitteleuropa</subfield>
   <subfield code="k">Deutschland</subfield>
   <subfield code="2">fivr</subfield>
  </datafield>
  <datafield tag="936" ind1="f" ind2="i">
   <subfield code="0">(DE-627)1756131805</subfield>
   <subfield code="a">RA06.03</subfield>
   <subfield code="b">Italien</subfield>
   <subfield code="k">Europa</subfield>
   <subfield code="k">Südeuropa</subfield>
   <subfield code="k">Italien</subfield>
   <subfield code="2">fivr</subfield>
  </datafield>
  <datafield tag="936" ind1="f" ind2="i">
   <subfield code="0">(DE-627)1756135258</subfield>
   <subfield code="a">SA02</subfield>
   <subfield code="b">Geschichte</subfield>
   <subfield code="k">Allgemeine Literatur</subfield>
   <subfield code="k">Geschichte</subfield>
   <subfield code="2">fivs</subfield>
  </datafield>
  <datafield tag="936" ind1="f" ind2="i">
   <subfield code="a">ZGF630</subfield>
   <subfield code="b">Geschichte: Gesellschaft</subfield>
   <subfield code="k">Geschichte: Gesellschaft</subfield>
   <subfield code="q">DE-Lg3</subfield>
   <subfield code="2">fivw</subfield>
  </datafield>
  <datafield tag="938" ind1="1" ind2="0">
   <subfield code="0">(DE-627)1756231893</subfield>
   <subfield code="0">(DE-615)6601028</subfield>
   <subfield code="a">Bundesrepublik Deutschland (1949-1990)</subfield>
   <subfield code="2">fivt</subfield>
  </datafield>
  <datafield tag="938" ind1="1" ind2="0">
   <subfield code="0">(DE-627)1756165718</subfield>
   <subfield code="0">(DE-615)6602024</subfield>
   <subfield code="a">Italien</subfield>
   <subfield code="2">fivt</subfield>
  </datafield>
  <datafield tag="938" ind1="1" ind2="0">
   <subfield code="0">(DE-627)1756237042</subfield>
   <subfield code="0">(DE-615)6606545</subfield>
   <subfield code="a">Gesellschaftliche Prozesse</subfield>
   <subfield code="2">fivt</subfield>
  </datafield>
  <datafield tag="938" ind1="1" ind2="0">
   <subfield code="0">(DE-627)1756183163</subfield>
   <subfield code="0">(DE-615)6605226</subfield>
   <subfield code="a">Stabilität/Stabilisierung</subfield>
   <subfield code="2">fivt</subfield>
  </datafield>
  <datafield tag="938" ind1="1" ind2="0">
   <subfield code="0">(DE-627)175623728X</subfield>
   <subfield code="0">(DE-615)6609681</subfield>
   <subfield code="a">Nachkriegssituation</subfield>
   <subfield code="2">fivt</subfield>
  </datafield>
  <datafield tag="938" ind1="1" ind2="0">
   <subfield code="0">(DE-627)1756148325</subfield>
   <subfield code="0">(DE-615)6603106</subfield>
   <subfield code="a">Frankreich</subfield>
   <subfield code="2">fivt</subfield>
  </datafield>
  <datafield tag="938" ind1="1" ind2="1">
   <subfield code="0">(DE-627)1756241643</subfield>
   <subfield code="0">(DE-615)6605959</subfield>
   <subfield code="a">Sozialer Konflikt</subfield>
   <subfield code="2">fiva</subfield>
  </datafield>
  <datafield tag="938" ind1="1" ind2="1">
   <subfield code="0">(DE-627)1756239649</subfield>
   <subfield code="0">(DE-615)6609981</subfield>
   <subfield code="a">Soziale Schicht</subfield>
   <subfield code="2">fiva</subfield>
  </datafield>
  <datafield tag="938" ind1="1" ind2="1">
   <subfield code="0">(DE-627)1756214786</subfield>
   <subfield code="0">(DE-615)6600166</subfield>
   <subfield code="a">Elite</subfield>
   <subfield code="2">fiva</subfield>
  </datafield>
  <datafield tag="938" ind1="1" ind2="1">
   <subfield code="0">(DE-627)1756239274</subfield>
   <subfield code="0">(DE-615)6606541</subfield>
   <subfield code="a">Krise</subfield>
   <subfield code="2">fiva</subfield>
  </datafield>
  <datafield tag="938" ind1="1" ind2="1">
   <subfield code="0">(DE-627)1756240612</subfield>
   <subfield code="0">(DE-615)6609431</subfield>
   <subfield code="a">Soziale Gruppe</subfield>
   <subfield code="2">fiva</subfield>
  </datafield>
  <datafield tag="938" ind1="1" ind2="1">
   <subfield code="0">(DE-627)175619789X</subfield>
   <subfield code="0">(DE-615)6600892</subfield>
   <subfield code="a">Interessen</subfield>
   <subfield code="2">fiva</subfield>
  </datafield>
  <datafield tag="938" ind1="1" ind2="1">
   <subfield code="0">(DE-627)1756189137</subfield>
   <subfield code="0">(DE-615)6608931</subfield>
   <subfield code="a">Solidarität</subfield>
   <subfield code="2">fiva</subfield>
  </datafield>
  <datafield tag="938" ind1="1" ind2="1">
   <subfield code="0">(DE-627)1756139997</subfield>
   <subfield code="0">(DE-615)6603940</subfield>
   <subfield code="a">Wahlkampf</subfield>
   <subfield code="2">fiva</subfield>
  </datafield>
  <datafield tag="938" ind1="1" ind2="1">
   <subfield code="0">(DE-627)1756149682</subfield>
   <subfield code="0">(DE-615)6603124</subfield>
   <subfield code="a">Meinung/Einstellung</subfield>
   <subfield code="2">fiva</subfield>
  </datafield>
  <datafield tag="938" ind1="1" ind2="1">
   <subfield code="0">(DE-627)1756170274</subfield>
   <subfield code="0">(DE-615)6606385</subfield>
   <subfield code="a">Arbeitsbedingungen</subfield>
   <subfield code="2">fiva</subfield>
  </datafield>
  <datafield tag="938" ind1="1" ind2="1">
   <subfield code="0">(DE-627)1756173494</subfield>
   <subfield code="0">(DE-615)6607375</subfield>
   <subfield code="a">Gewerkschaft</subfield>
   <subfield code="2">fiva</subfield>
  </datafield>
  <datafield tag="938" ind1="1" ind2="1">
   <subfield code="0">(DE-627)1756184550</subfield>
   <subfield code="0">(DE-615)6607620</subfield>
   <subfield code="a">Faschismus</subfield>
   <subfield code="2">fiva</subfield>
  </datafield>
  <datafield tag="938" ind1="1" ind2="1">
   <subfield code="0">(DE-627)1756226792</subfield>
   <subfield code="0">(DE-615)6606472</subfield>
   <subfield code="a">Demokratischer Sozialismus</subfield>
   <subfield code="2">fiva</subfield>
  </datafield>
  <datafield tag="938" ind1="1" ind2="1">
   <subfield code="0">(DE-627)1756190704</subfield>
   <subfield code="0">(DE-615)6607505</subfield>
   <subfield code="a">Geschichtlicher Überblick</subfield>
   <subfield code="2">fiva</subfield>
  </datafield>
  <datafield tag="951" ind1=" " ind2=" ">
   <subfield code="a">BO</subfield>
  </datafield>
  <datafield tag="990" ind1=" " ind2=" ">
   <subfield code="a">Deutschland</subfield>
  </datafield>
  <datafield tag="990" ind1=" " ind2=" ">
   <subfield code="a">Frankreich</subfield>
  </datafield>
  <datafield tag="990" ind1=" " ind2=" ">
   <subfield code="a">Italien</subfield>
  </datafield>
  <datafield tag="990" ind1=" " ind2=" ">
   <subfield code="a">Sozialgeschichte 1918-1927</subfield>
  </datafield>
  <datafield tag="990" ind1=" " ind2=" ">
   <subfield code="a">Deutschland</subfield>
  </datafield>
  <datafield tag="990" ind1=" " ind2=" ">
   <subfield code="a">Sozialgeschichte 1918-1927</subfield>
  </datafield>
  <datafield tag="990" ind1=" " ind2=" ">
   <subfield code="a">Italien</subfield>
  </datafield>
  <datafield tag="990" ind1=" " ind2=" ">
   <subfield code="a">Sozialgeschichte 1918-1927</subfield>
  </datafield>
  <datafield tag="990" ind1=" " ind2=" ">
   <subfield code="a">Frankreich</subfield>
  </datafield>
  <datafield tag="990" ind1=" " ind2=" ">
   <subfield code="a">Sozialgeschichte 1918-1927</subfield>
  </datafield>
  <datafield tag="990" ind1=" " ind2=" ">
   <subfield code="a">Westeuropa</subfield>
  </datafield>
  <datafield tag="990" ind1=" " ind2=" ">
   <subfield code="a">Geschichte 1900-1930</subfield>
  </datafield>
  <datafield tag="991" ind1=" " ind2=" ">
   <subfield code="a">Rezensiertes Werk</subfield>
  </datafield>
  <datafield tag="999" ind1=" " ind2=" ">
   <subfield code="a">KXP-PPN020118848</subfield>
   <subfield code="e">4694920731</subfield>
  </datafield>
 </record>
</collection>
